01380nam a2200337Ia 4500001001200000003000800012006001900020007001500039008004100054010001700095020002800112040002100140035002100161050002500182100002900207245017700236260004800413300002200461504003900483533015200522650001400674650002200688650003600710650004400746655002900790700002600819700003500845710001700880856012600897999001901023ebr10142067CaPaEBRm u cr cn|||||||||870917s1988 nyua sb 001 0 eng d z 87028109  z019503967X (alk. paper) aCaPaEBRcCaPaEBR a(OCoLC)29049679114aTA455.A6bS55 1988eb1 aSkinner, H. Catherine W.10aAsbestos and other fibrous materialsh[electronic resource] :bmineralogy, crystal chemistry, and health effects /cH. Catherine W. Skinner, Malcolm Ross, Clifford Frondel. aNew York :bOxford University Press,c1988. ax, 204 p. :bill. aIncludes bibliographies and index. aElectronic reproduction.bPalo Alto, Calif. :cebrary,d2009.nAvailable via World Wide Web.nAccess may be limited to ebrary affiliated libraries. 0aAsbestos. 0aInorganic fibers. 0aAsbestosxPhysiological effect. 0aInorganic fibersxPhysiological effect. 7aElectronic books.2local1 aRoss, Malcolm,d1929-1 aFrondel, Clifford,d1907-2002.2 aebrary, Inc.40uhttp://site.ebrary.com/lib/rucke/Doc?id=10142067zAn electronic book accessible through the World Wide Web; click to view c196029d196029